01138nam a2200253 a 4500001000900000005001700009008004100026020001500067020001500082040001800097050002200115245018200137260008000319300003200399500013100431500003300562504003200595610006900627650004800696650005600744700002500800700003000825700002900855BRCA_95820190320203225.0000607s2001 dcua---##b---#001-0#eng-# a1584650796 a158465080X aDLCcDLCdDLC 4aND1311b.B78 200110aA brush with historybpaintings from the National Portrait GallerycCarolyn Kinder Carr and Ellen G. Miles ; foreword by Marc Pachter ; with an essay by Margaret C.S. Christman. aWashington, D.C.bNational Portrait Gallery : Smithsonian Institutionc2001 a216 p.bil. a colorc31 cm. aCatálogo de la exposición realizada en la National Portrait Gallery (Londres, Inglaterra), 4 octubre, 2002 - 5 enero, 2003 aIncluye índice de artistas aBibliografía : p. 212-21524aNational Portrait Gallery (Smithsonian Institution)vCatálogos14aPintura de retratos americanosvCatálogos14aPintura de retratosvCatálogoszWashington (D.C.)1 aCarr, Carolyn Kinder1 aMiles, Ellen Grossd1941-1 aChristman, Margaret C. S